000 00757nam a22001337a 4500
040 _cRUA
082 _aAGR PHO 2012 B052 Or.1
100 _aPHON SELA
245 _aInfluence of nitrogen rates and application intervals on mulato II yield and nitrogen loss through leaching,(កម្រិត និងពេលវេលានៃការដាក់ជីអាសូតខុសៗគ្នា ទៅលើទិន្នផលស្មៅម៉ូឡាតូធូ និងការបាត់បង់អាសូតតាមរយៈការជ្រាបចុះ)
260 _aphnom penh
_bRUA
_c2012
300 _aix, 43p.
_cill.
856 _uhttps://drive.google.com/file/d/1ncPNGE34n-HpEgmIUJqVjC-q0HWJq6Yp/view?usp=sharing
942 _cAGR
999 _c1227
_d1227